Návrh demonštračného elektromagnetického vibračného budiča prestavbou basového reproduktora

Salvato in:
Dettagli Bibliografici
Autore principale: Schenk, Jakub (Autore)
Altri autori: Gašparík, Marek (Relatore della tesi)
Natura: Manoscritto Libro
Lingua:slovacco
Pubblicazione: 2023
Soggetti:
Accesso online:http://is.stuba.sk/zp/portal_zp.pl?podrobnosti=157197
Tags: Aggiungi Tag
Nessun Tag, puoi essere il primo ad aggiungerne!!

MARC

LEADER 00000ntm a22000003a 4500
001 stuzp94761
003 SK-STU
005 20230909223107.0
007 ta
008 150427s2015----xo-----f-mn---000-0-slo-d
040 |a STU  |b slo 
041 0 |a slo 
100 1 |a Schenk, Jakub  |u 020010  |4 aut  |U SjF Strojnícka fakulta  |T SjF Ústav aplikovanej mechaniky a mechatroniky  |X 104888  |U J0010  |Y 801  |7 104888 
242 0 1 |a Design of an electromagnetic vibration shaker by bass sound speaker conversion  |y eng 
245 1 0 |a Návrh demonštračného elektromagnetického vibračného budiča prestavbou basového reproduktora 
260 |c 2023 
650 4 |a vibračný budič  |2 slo 
650 4 |a vibračné skúšky  |2 slo 
650 4 |a výkonový zosilňovač  |2 slo 
650 4 |a budiaci signál  |2 slo 
650 4 |a reproduktor  |2 slo 
650 4 |a vibration testing  |2 eng 
650 4 |a vibration shaker  |2 eng 
650 4 |a sound speaker  |2 eng 
650 4 |a power amplifier  |2 eng 
650 4 |a excitation signal  |2 eng 
700 1 |a Gašparík, Marek  |u 020010  |k Z1  |4 ths  |U SjF Strojnícka fakulta  |T SjF Ústav aplikovanej mechaniky a mechatroniky  |X 68106  |U J0010  |Y 801  |7 A000068106 
856 4 |u http://is.stuba.sk/zp/portal_zp.pl?podrobnosti=157197